[Event "GER-ch U12"]
[Site "Willingen"]
[Date "2005.05.21"]
[Round "11"]
[White "Wilke, Friedrich"]
[Black "Osmanodja, Bilgin"]
[Result "0-1"]
[WhiteElo "1458"]
[BlackElo "1574"]
[PlyCount "96"]
[EventDate "2005.05.14"]
[EventType "swiss"]
[EventRounds "11"]
[EventCountry "GER"]
[SourceTitle "CBM 106 Extra"]
[Source "ChessBase"]
[SourceDate "2005.07.01"]
[SourceVersion "1"]
[SourceVersionDate "2005.07.01"]
[SourceQuality "1"]

1. c4 Nf6 2. Nc3 g6 3. Nf3 Bg7 4. g3 0-0 5. Bg2 d6 6. 0-0 e5 7. d3 c6 8. Bg5 Qc7 9. Qd2 Nh5 10. Bh6 f5 11. b4 Rf7 12. b5 Bd7 13. Bxg7 Rxg7 14. Rab1 f4 15. Ne4 c5 16. e3 fxg3 17. fxg3 Bf5 18. Nc3 Nd7 19. Ng5 Nb6 20. Nd5 Nxd5 21. Bxd5+ Kh8 22. Nf7+ Rxf7 23. Bxf7 Qxf7 24. e4 Qe6 25. exf5 gxf5 26. a4 Rg8 27. Kh1 f4 28. gxf4 Qh3 29. Rg1 Ng3+ 30. Rxg3 Rxg3 31. fxe5 Rxd3 32. Qe2 Re3 33. Qf2 Rf3 34. Qe2 Qf5 35. Re1 Rf2 36. Qe3 Rf1+ 37. Kg2 Rxe1 38. Qxe1 dxe5 39. Qe3 Qg4+ 40. Kf2 Qd4 41. a5 Kg7 42. Kf3 Qxe3+ 43. Kxe3 Kf6 44. Ke4 Ke6 45. b6 a6 46. Ke3 Kf5 47. Kf3 e4+ 48. Ke3 Ke5 0-1

[Event "GER-ch U12"]
[Site "Willingen"]
[Date "2005.05.16"]
[Round "5"]
[White "Grimm, Pascal"]
[Black "Osmanodja, Bilgin"]
[Result "1-0"]
[WhiteElo "1838"]
[BlackElo "1574"]
[PlyCount "117"]
[EventDate "2005.05.14"]
[EventType "swiss"]
[EventRounds "11"]
[EventCountry "GER"]
[SourceTitle "CBM 106 Extra"]
[Source "ChessBase"]
[SourceDate "2005.07.01"]
[SourceVersion "1"]
[SourceVersionDate "2005.07.01"]
[SourceQuality "1"]

1. e4 c5 2. d3 Nc6 3. g3 g6 4. Bg2 Bg7 5. Nc3 d6 6. f4 e6 7. Nf3 Nge7 8. 0-0 0-0 9. Be3 f5 10. Qd2 b6 11. Rab1 Bb7 12. d4 fxe4 13. Nxe4 Nf5 14. dxc5 bxc5 15. Rfd1 Ncd4 16. Nxd4 Bxd4 17. Bxd4 Nxd4 18. c3 Nf5 19. Nxd6 Bxg2 20. Kxg2 Qb6 21. Nxf5 Qc6+ 22. Kg1 exf5 23. Qd5+ Qxd5 24. Rxd5 Rac8 25. Re1 Rf7 26. Re6 Rb7 27. b3 Kf7 28. Ree5 Rbc7 29. Kf2 a5 30. Ke3 a4 31. bxa4 Ra7 32. a5 Rxa5 33. Rd7+ Kg8 34. Ree7 Rxa2 35. Rg7+ Kf8 36. Rxh7 Ke8 37. Rdg7 Kf8 38. Rxg6 Re8+ 39. Kf3 Ree2 40. Rc6 Kg8 41. Rb7 Rf2+ 42. Ke3 Rfe2+ 43. Kd3 Re8 44. Rxc5 Rxh2 45. Rxf5 Rhe2 46. Rg5+ Kh8 47. Rd7 R8e3+ 48. Kc4 Rxc3+ 49. Kxc3 Rc2+ 50. Kb4 Rc4+ 51. Kb5 Rb4+ 52. Kc6 Rb6+ 53. Kc7 Rb7+ 54. Kd8 Rb8+ 55. Ke7 Re8+ 56. Kf6 Re6+ 57. Kf5 Rf6+ 58. Ke5 Re6+ 59. Kd5 1-0

[Event "GER-ch U12"]
[Site "Willingen"]
[Date "2005.05.15"]
[Round "2"]
[White "Schulz, Anja2222"]
[Black "Osmanodja, Bilgin"]
[Result "0-1"]
[WhiteElo "1444"]
[BlackElo "1574"]
[PlyCount "68"]
[EventDate "2005.05.14"]
[EventType "swiss"]
[EventRounds "11"]
[EventCountry "GER"]
[SourceTitle "CBM 106 Extra"]
[Source "ChessBase"]
[SourceDate "2005.07.01"]
[SourceVersion "1"]
[SourceVersionDate "2005.07.01"]
[SourceQuality "1"]

1. e4 c5 2. Nf3 d6 3. d4 cxd4 4. Nxd4 Nf6 5. Nc3 g6 6. Be3 Bg7 7. f3 0-0 8. Qd2 Nc6 9. Bc4 Bd7 10. 0-0-0 Rc8 11. Bb3 Ne5 12. g4 b5 13. h4 b4 14. Nd5 Nxd5 15. exd5 a5 16. Nc6 Nxc6 17. dxc6 Bxc6 18. Bd5 Qc7 19. Rh2 Bxd5 20. Qxd5 a4 21. Bd4 Bxd4 22. Rxd4 Qb6 23. h5 Rc5 24. Qe4 d5 25. Qe5 Rc4 26. hxg6 Qxg6 27. Rxc4 dxc4 28. Qxe7 Qb6 29. Qg5+ Kh8 30. Qe5+ f6 31. Qe1 b3 32. axb3 axb3 33. c3 Qa7 34. Kd2 Rd8+ 0-1

[Event "Leutersdorf Muench Braeu op 10th"]
[Site "Leutersdorf"]
[Date "2005.02.??"]
[Round "6"]
[White "Bach, Ulf"]
[Black "Osmanodja, Bilgin"]
[Result "1-0"]
[WhiteElo "1997"]
[BlackElo "1635"]
[PlyCount "83"]
[EventDate "2005.02.05"]
[EventType "swiss"]
[EventRounds "9"]
[EventCountry "GER"]
[SourceTitle "CBM 104 Extra"]
[Source "ChessBase"]
[SourceDate "2005.03.01"]
[SourceVersion "1"]
[SourceVersionDate "2005.03.01"]
[SourceQuality "1"]

1. d4 Nf6 2. Bf4 g6 3. e3 Bg7 4. Nf3 0-0 5. Bd3 d6 6. c3 Nh5 7. Bg3 Qe8 8. Qb3 e5 9. Nbd2 Nc6 10. 0-0-0 a6 11. Ng5 Kh8 12. f4 f6 13. Ngf3 b5 14. Bf2 exf4 15. e4 b4 16. cxb4 Rb8 17. a3 a5 18. b5 Ne7 19. Kb1 c6 20. b6 Qd8 21. Nc4 d5 22. Nxa5 Rxb6 23. Qc3 Ba6 24. b4 Bxd3+ 25. Qxd3 Rb5 26. Ka2 dxe4 27. Qxe4 Nd5 28. Qc2 Rxb4 29. Nxc6 Qa8 30. Qc5 Rb5 31. Qc4 Rc8 32. Rc1 Nb4+ 33. Qxb4 Rxb4 34. Nxb4 Rb8 35. Rc4 Bf8 36. Rb1 Qa5 37. Be1 f5 38. Rb3 Ra8 39. Nc2 Qd5 40. Rc7 Rb8 41. Nb4 Ra8 42. Nxd5 1-0

[Event "Leutersdorf Muench Braeu op 10th"]
[Site "Leutersdorf"]
[Date "2005.02.??"]
[Round "1"]
[White "Osmanodja, Bilgin"]
[Black "Ksieski, Zbigniew"]
[Result "0-1"]
[WhiteElo "1635"]
[BlackElo "2384"]
[PlyCount "48"]
[EventDate "2005.02.05"]
[EventType "swiss"]
[EventRounds "9"]
[EventCountry "GER"]
[SourceTitle "CBM 104 Extra"]
[Source "ChessBase"]
[SourceDate "2005.03.01"]
[SourceVersion "1"]
[SourceVersionDate "2005.03.01"]
[SourceQuality "1"]

1. e4 c5 2. Nf3 a6 3. e5 Nc6 4. c3 d5 5. d4 Bg4 6. Be2 e6 7. 0-0 Bxf3 8. Bxf3 cxd4 9. cxd4 Nge7 10. Be3 Nf5 11. Nc3 Be7 12. Qd2 0-0 13. Rfd1 Rc8 14. Be2 Na5 15. g4 Nh4 16. Qd3 f6 17. f4 Nc4 18. Bc1 fxe5 19. dxe5 Nxb2 20. Bxb2 Qb6+ 21. Kh1 Qxb2 22. Na4 Qb4 23. Qd4 Rxf4 24. Qb6 Qe4+ 0-1

[Event "Leutersdorf Muench Braeu op 10th"]
[Site "Leutersdorf"]
[Date "2005.02.??"]
[Round "7"]
[White "Osmanodja, Bilgin"]
[Black "Lorenz, Nicole"]
[Result "1-0"]
[WhiteElo "1635"]
[BlackElo "1540"]
[PlyCount "70"]
[EventDate "2005.02.05"]
[EventType "swiss"]
[EventRounds "9"]
[EventCountry "GER"]
[SourceTitle "CBM 104 Extra"]
[Source "ChessBase"]
[SourceDate "2005.03.01"]
[SourceVersion "1"]
[SourceVersionDate "2005.03.01"]
[SourceQuality "1"]

1. e4 d5 2. exd5 Qxd5 3. Nc3 Qa5 4. d4 c6 5. Bc4 Bf5 6. Bd2 Qc7 7. Nf3 Nf6 8. 0-0 e6 9. Re1 Nbd7 10. Qe2 0-0-0 11. a3 Nb6 12. Ba2 Bd6 13. b4 h6 14. b5 g5 15. a4 g4 16. Ne5 Bxe5 17. dxe5 Nfd7 18. a5 Nd5 19. Nxd5 cxd5 20. Bb4 Nc5 21. Qe3 b6 22. Bb1 h5 23. Rc1 Kb7 24. Qa3 Ra8 25. c4 Ne4 26. cxd5 Qxe5 27. a6+ Kb8 28. Bxe4 Rd8 29. Bxf5 exf5 30. d6 Qxb5 31. Rc7 Rd7 32. Rac1 Rxc7 33. Rxc7 Qd5 34. Rb7+ Kc8 35. Qc3+ Kd8 1-0

[Event "GER-ch U10"]
[Site "Willingen"]
[Date "2004.06.02"]
[Round "8"]
[White "Wittke, Rene"]
[Black "Osmanodja, Bilgin"]
[Result "0-1"]
[WhiteElo "1523"]
[BlackElo "1388"]
[PlyCount "132"]
[EventDate "2004.06.??"]
[EventType "swiss"]
[EventRounds "11"]
[EventCountry "GER"]
[SourceTitle "EXT 2005"]
[Source "ChessBase"]
[SourceDate "2004.11.15"]
[SourceVersion "1"]
[SourceVersionDate "2004.11.15"]
[SourceQuality "1"]

1. e4 c5 2. c3 d5 3. exd5 Qxd5 4. d4 Nf6 5. Nf3 Bg4 6. Be2 e6 7. Be3 cxd4 8. Bxd4 Be7 9. Nbd2 Nc6 10. h3 Bh5 11. 0-0 0-0 12. Re1 Bg6 13. Nh4 Nxd4 14. cxd4 Qxd4 15. Nxg6 hxg6 16. Bf3 Qxb2 17. Rb1 Qxa2 18. Rxb7 Bc5 19. Rb1 Rac8 20. Ra1 Qb2 21. Re2 Qd4 22. Ra4 Qd7 23. Ra2 Bb6 24. Qe1 Rc7 25. Nb3 Rfc8 26. Red2 Qe7 27. Qe2 Rc3 28. Rab2 Qa3 29. Qb5 Qe7 30. Qe2 Rd8 31. Qe5 Rcc8 32. Qe2 Rxd2 33. Rxd2 Rd8 34. Rc2 Nd5 35. Rc4 Qd7 36. Qe1 Qb5 37. Nd2 Ba5 38. Rc2 Nf4 39. Qe3 Bxd2 40. Rxd2 Rxd2 41. Qxd2 Nd5 42. Qc2 a5 43. Bd1 Qb4 44. Kh2 Nc3 45. Bg4 a4 46. Qd2 Nd5 47. Qa2 Qb3 48. Qd2 Qc3 49. Qe2 Qf6 50. Qa6 Qf4+ 51. Kg1 Qc1+ 52. Kh2 a3 53. Bxe6 Qf4+ 54. Kg1 fxe6 55. Qxe6+ Qf7 56. Qa6 Qe7 57. Qa8+ Kh7 58. Qxd5 Qe1+ 59. Kh2 Qxf2 60. Qe5 a2 61. Qa1 Qc2 62. Qd4 Qc7+ 63. Kg1 Qc1+ 64. Kh2 a1Q 65. Qh4+ Qh6 66. Qe4 Qac1 0-1

[Event "GER-ch U10"]
[Site "Willingen"]
[Date "2004.05.30"]
[Round "1"]
[White "Gering, Samuel"]
[Black "Osmanodja, Bilgin"]
[Result "0-1"]
[WhiteElo "1059"]
[BlackElo "1388"]
[PlyCount "82"]
[EventDate "2004.06.??"]
[EventType "swiss"]
[EventRounds "11"]
[EventCountry "GER"]
[SourceTitle "EXT 2005"]
[Source "ChessBase"]
[SourceDate "2004.11.15"]
[SourceVersion "1"]
[SourceVersionDate "2004.11.15"]
[SourceQuality "1"]

1. e4 c5 2. Nf3 d6 3. d4 cxd4 4. Nxd4 Nf6 5. Nc3 g6 6. Be2 Bg7 7. Be3 0-0 8. f3 Nc6 9. Qd2 Bd7 10. 0-0-0 Rc8 11. g4 a6 12. h4 b5 13. h5 b4 14. Nb1 Nxd4 15. Bxd4 a5 16. Be3 Qc7 17. hxg6 fxg6 18. Bd3 Be6 19. a4 Bb3 20. Rh2 Bh8 21. Qg2 Bxa4 22. Qh3 Rf7 23. g5 Nd7 24. f4 Nc5 25. Bxc5 Qxc5 26. f5 Be5 27. Rdh1 Bxh2 28. Rxh2 Qg1+ 29. Kd2 Qxg5+ 30. Ke2 Qh5+ 31. Qxh5 gxh5 32. Rxh5 Bxc2 33. Bb5 Bxb1 34. Ke3 Rg7 35. Bd7 Rc2 36. Be6+ Kf8 37. Kf3 Rxb2 38. Rh6 Rc2 39. Kf4 Re2 40. f6 Rxe4+ 41. Kf5 Reg4# 0-1

[Event "Loebau-Zittau KSK op"]
[Site "Leutersdorf"]
[Date "2004.02.14"]
[Round "4"]
[White "Osmanodja, Bilgin"]
[Black "Pohl, Holger"]
[Result "1-0"]
[WhiteElo "1347"]
[BlackElo "1218"]
[PlyCount "89"]
[EventDate "2004.02.13"]
[EventType "swiss"]
[EventRounds "7"]
[EventCountry "GER"]
[SourceTitle "CBM 098 Extra"]
[Source "ChessBase"]
[SourceDate "2004.03.10"]
[SourceVersion "2"]
[SourceVersionDate "2004.03.10"]
[SourceQuality "1"]

1. e4 e5 2. Nf3 Nc6 3. Bb5 d6 4. d4 a6 5. Ba4 b5 6. Bb3 Na5 7. Bd5 c6 8. Bb3 Nxb3 9. axb3 Bg4 10. dxe5 Bxf3 11. Qxf3 dxe5 12. Nc3 Nf6 13. Bg5 Be7 14. 0-0 0-0 15. Rfd1 Qb6 16. Qf5 Qc5 17. Be3 Qb4 18. Qxe5 Ng4 19. Qf4 Nxe3 20. Qxe3 Bf6 21. Kh1 Qe7 22. f3 b4 23. Na4 Bg5 24. Qc5 Qxc5 25. Nxc5 a5 26. Nb7 Bf6 27. Rxa5 Rxa5 28. Nxa5 Bxb2 29. Nxc6 Bc3 30. Ne7+ Kh8 31. Nd5 g6 32. Nxc3 bxc3 33. Rd3 Rc8 34. Kg1 Kg7 35. Kf2 h5 36. Ke3 Kf6 37. Kd4 h4 38. Rxc3 Rd8+ 39. Ke3 g5 40. Rd3 Rc8 41. c4 Ke5 42. Rd5+ Ke6 43. Rxg5 Rb8 44. Rb5 Rg8 45. Kf2 1-0

[Event "Loebau-Zittau KSK op"]
[Site "Leutersdorf"]
[Date "2004.02.13"]
[Round "1"]
[White "Riebe, Werner"]
[Black "Osmanodja, Bilgin"]
[Result "1-0"]
[WhiteElo "1817"]
[BlackElo "1347"]
[PlyCount "99"]
[EventDate "2004.02.13"]
[EventType "swiss"]
[EventRounds "7"]
[EventCountry "GER"]
[SourceTitle "CBM 098 Extra"]
[Source "ChessBase"]
[SourceDate "2004.03.10"]
[SourceVersion "2"]
[SourceVersionDate "2004.03.10"]
[SourceQuality "1"]

1. d4 Nf6 2. c4 g6 3. Nc3 Bg7 4. e4 d6 5. f3 Nbd7 6. Be3 b6 7. Bd3 c5 8. d5 Ne5 9. Rc1 Nxd3+ 10. Qxd3 0-0 11. Nge2 Bd7 12. 0-0 Qc7 13. Nb5 Qb7 14. a4 a6 15. Nbc3 Rab8 16. Rb1 b5 17. b3 bxa4 18. bxa4 Qc7 19. Rxb8 Rxb8 20. Rb1 Rb7 21. Rxb7 Qxb7 22. e5 Ne8 23. f4 Qb4 24. Qb1 Qxb1+ 25. Nxb1 Bxa4 26. Nec3 Bc2 27. Kf2 Nc7 28. Ke2 Bxb1 29. Nxb1 Kf8 30. Nd2 Ke8 31. Ne4 Kd7 32. Ng5 Ke8 33. Ne4 Kd7 34. Kd3 h6 35. h3 Bf8 36. g4 Ne8 37. f5 e6 38. dxe6+ fxe6 39. fxg6 dxe5 40. Nxc5+ Bxc5 41. Bxc5 Nf6 42. g7 e4+ 43. Ke3 Kc6 44. Bd4 Ng8 45. Kxe4 a5 46. Ke5 Kd7 47. c5 a4 48. c6+ Kxc6 49. Kxe6 h5 50. g5 1-0